000 00353nam a2200133Ia 4500
008 151001s9999||||xx |||||||||||||| ||und||
100 _aअलि सलीम
245 _aभारतीय पक्षी
250 _a1
260 _bनशनल बुक ट्रस्ट मुंबई
260 _c1967
300 _a121
365 _b20
999 _c958193
_d958190